Rastúca dôchodková a majetková nerovnosť - národný, regionálny a globálny kontext

Narastajúca dôchodková a majetková nerovnosť predstavuje jeden z hlavných fenoménov začiatku 21. storočia. Diskusia k danej problematike špecifikuje niektoré alternatívne opatrenia, ktoré by eliminovali ďalší prudký nárast dôchodkovej a majetkovej nerovnosti.

Enregistré dans:
Détails bibliographiques
Auteur principal: Rozborilová, Dária
Format: Chapitre de livre
Langue:slovaque
Sujets:
Tags: Ajouter un tag
Pas de tags, Soyez le premier à ajouter un tag!

MARC

LEADER 00000nla a2200000 4500
001 0166888
005 20240502072916.9
041 0 |a slo 
044 |a SK 
245 1 0 |a Rastúca dôchodková a majetková nerovnosť - národný, regionálny a globálny kontext  |c Dária Rozborilová 
520 |a Narastajúca dôchodková a majetková nerovnosť predstavuje jeden z hlavných fenoménov začiatku 21. storočia. Diskusia k danej problematike špecifikuje niektoré alternatívne opatrenia, ktoré by eliminovali ďalší prudký nárast dôchodkovej a majetkovej nerovnosti. 
610 2 0 |a nerovnosť sociálna 
610 2 0 |a triedy a vrstvy 
610 2 0 |a bohatstvo 
610 2 0 |a chudoba 
610 2 0 |a stratifikácia sociálna 
610 2 0 |a diferenciácia sociálna 
610 2 0 |a skupiny sociálne 
100 1 |a Rozborilová, Dária